Catalog

Record Details

Catalog Search



Alliance rising #3 : the Hinder stars I / C.J. ... Read More

Available copies

  • 1 of 1 copy available at LARL/NWRL Consortium.
  • 1 of 1 copy available at Northwest Regional Library. (Show preferred library)

Current holds

0 current holds with 1 total copy.

Show Only Available Copies
Location Call Number / Copy Notes Barcode Shelving Location Status Due Date
Roseau Public Library CHE (Text) 35500006127524 Main Available -

Record details

  • ISBN: 9780756412715
  • ISBN: 0756412714
  • Physical Description: 346 pages ; 24 cm.
  • Publisher: New York, NY : DAW Books, Inc., [2019]

Content descriptions

Summary, etc.:
"For years, the stations of the Hinder Stars, ... Read More
Subject: Interstellar travel > Fiction.
Space colonies > Fiction.
Space ships > Fiction.
Space colonies > Fiction.
Interstellar travel > Fiction.
Space ships > Fiction.
Genre: Science fiction.
Science fiction.
Science fiction.
LDR 02934cam a2200481Ii 4500
001307856
003LARL_NWRL_CONSORTIUM
00520241023144408.0
008190103t20192019nyu 000 1 eng d
040 . ‡aNjBwBT ‡beng ‡erda ‡cFO7 ‡dOCLCQ ‡dOCLCO ‡dIOS ‡dXZH ‡dFBR ‡dOCLCO ‡dIJ5 ‡dOQX ‡dD9M ‡dYDX ‡dBDX ‡dNFR ‡dGO9 ‡dIUK ‡dNRG
019 . ‡a1031525505 ‡a1031915664 ‡a1031947080
020 . ‡a9780756412715 ‡q(hardcover)
020 . ‡a0756412714 ‡q(hardcover)
035 . ‡a(OCoLC)1080636895 ‡z(OCoLC)1031525505 ‡z(OCoLC)1031915664 ‡z(OCoLC)1031947080
08204. ‡a813/.6 ‡223
049 . ‡aNRGA
1001 . ‡aCherryh, C. J., ‡eauthor. ‡0(LARL_NWRL_CONSORTIUM)57369
24510. ‡aAlliance rising ‡n#3 : ‡bthe Hinder stars I / ‡cC.J. Cherryh and Jane S. Fancher.
264 1. ‡aNew York, NY : ‡bDAW Books, Inc., ‡c[2019]
264 4. ‡c©2019
300 . ‡a346 pages ; ‡c24 cm.
336 . ‡atext ‡btxt ‡2rdacontent
337 . ‡aunmediated ‡bn ‡2rdamedia
338 . ‡avolume ‡bnc ‡2rdacarrier
4900 . ‡aAlliance-union universe ; ‡v3
4900 . ‡aHinder stars ; ‡v1
520 . ‡a"For years, the stations of the Hinder Stars, those old stations closest to Sol, have lagged behind the great megastations of the Beyond, like Pell and Cyteen. But new opportunities and fears arise when Alpha station receives news of an incoming ship with no identification. The denizens of Alpha wait anxiously for news about the outsiders, each with their own suspicions about the ship and its origins. Ross and Fallon, crew members of the Galway, believe the unidentified ship belongs to Pell and has come to investigate another massive ship docked at Alpha, The Rights of Man. Though Rights is under the command of the Earth Company, it is not quite perfected--and its true purpose is shrouded in mystery. James Robert Neihart, captain of Finity's End--a huge faster-than-light ship flown by one of the Merchanter Families--has heard whispers of The Rights of Man and wonders at its design and purpose, especially as Sol struggles to rival the progress of the Farther Stars. Now docked at Alpha, he must convince the crews that there is more to The Rights of Man than meets the eye. Because the reasons behind the creation of The Rights of Man, and its true plans, could change everything--not just for Sol, but for the Hinder Stars and the Beyond itslf." -- ‡cfrom publisher.
650 0. ‡aInterstellar travel ‡vFiction.
650 0. ‡aSpace colonies ‡vFiction. ‡0(LARL_NWRL_CONSORTIUM)167437
650 0. ‡aSpace ships ‡vFiction. ‡0(LARL_NWRL_CONSORTIUM)167257
650 4. ‡aSpace colonies ‡vFiction. ‡0(LARL_NWRL_CONSORTIUM)167437
650 4. ‡aInterstellar travel ‡vFiction.
650 4. ‡aSpace ships ‡vFiction. ‡0(LARL_NWRL_CONSORTIUM)167257
655 7. ‡aScience fiction. ‡2gsafd
655 7. ‡aScience fiction. ‡2lcgft
655 4. ‡aScience fiction.
7001 . ‡aFancher, Jane, ‡d1952- ‡eauthor.
905 . ‡ubacont
901 . ‡a307856 ‡b ‡c307856 ‡tbiblio ‡soclc

Additional Resources